<?xml version="1.0" encoding="UTF-8"?>
<record
    xmlns:xsi="http://www.w3.org/2001/XMLSchema-instance"
    xsi:schemaLocation="http://www.loc.gov/MARC21/slim http://www.loc.gov/standards/marcxml/schema/MARC21slim.xsd"
    xmlns="http://www.loc.gov/MARC21/slim">

  <leader>05485cam a2200601 i 4500</leader>
  <datafield tag="999" ind1=" " ind2=" ">
    <subfield code="c">27262</subfield>
    <subfield code="d">27262</subfield>
  </datafield>
  <controlfield tag="006">m     o  d        </controlfield>
  <controlfield tag="007">cr bn||||||abp</controlfield>
  <controlfield tag="007">cr bn||||||ada</controlfield>
  <controlfield tag="008">110307s1979    enka    obs   001 0 eng d</controlfield>
  <datafield tag="020" ind1=" " ind2=" ">
    <subfield code="a">9781483156095</subfield>
    <subfield code="q">(electronic bk.)</subfield>
  </datafield>
  <datafield tag="020" ind1=" " ind2=" ">
    <subfield code="a">1483156095</subfield>
    <subfield code="q">(electronic bk.)</subfield>
  </datafield>
  <datafield tag="040" ind1=" " ind2=" ">
    <subfield code="a">OCLCE</subfield>
    <subfield code="b">eng</subfield>
    <subfield code="e">pn</subfield>
  </datafield>
  <datafield tag="042" ind1=" " ind2=" ">
    <subfield code="a">dlr</subfield>
  </datafield>
  <datafield tag="072" ind1=" " ind2="7">
    <subfield code="a">SOC</subfield>
    <subfield code="x">027000</subfield>
    <subfield code="2">bisacsh</subfield>
  </datafield>
  <datafield tag="082" ind1="0" ind2="4">
    <subfield code="a">314.1</subfield>
    <subfield code="2">18</subfield>
  </datafield>
  <datafield tag="082" ind1="0" ind2="4">
    <subfield code="a">386/.0941</subfield>
  </datafield>
  <datafield tag="084" ind1=" " ind2=" ">
    <subfield code="a">QG 410</subfield>
    <subfield code="2">rvk</subfield>
  </datafield>
  <datafield tag="100" ind1="1" ind2=" ">
    <subfield code="a">Baxter, R. E.</subfield>
    <subfield code="q">(Ron Eric)</subfield>
  </datafield>
  <datafield tag="245" ind1="1" ind2="0">
    <subfield code="a">Ports and inland waterways /</subfield>
  </datafield>
  <datafield tag="260" ind1=" " ind2=" ">
    <subfield code="a">Oxford ;</subfield>
    <subfield code="a">New York :</subfield>
    <subfield code="b">Published for the Royal Statistical Society and the Social Science Research Council [by] Pergamon Press,</subfield>
    <subfield code="c">1979.</subfield>
  </datafield>
  <datafield tag="300" ind1=" " ind2=" ">
    <subfield code="a">1 online resource (xiii, 302 pages) :</subfield>
    <subfield code="b">illustrations</subfield>
  </datafield>
  <datafield tag="490" ind1="1" ind2=" ">
    <subfield code="a">Reviews of United Kingdom statistical sources ;</subfield>
    <subfield code="v">v. 10</subfield>
  </datafield>
  <datafield tag="504" ind1=" " ind2=" ">
    <subfield code="a">Includes bibliographical references and indexes.</subfield>
  </datafield>
  <datafield tag="505" ind1="0" ind2=" ">
    <subfield code="a">Front Cover; Ports and Inland Waterways and Civil Aviation; Copyright Page; Table of Contents; FOREWORD; MEMBERSHIP OF THE JOINT STEERING COMMITTEE; INTRODUCTION; PART 17: PORTS AND INLAND WATERWAYS; REFERENCE DATE OF SOURCES REVIEWED; LIST OF ABBREVIATIONS; ACKNOWLEDGEMENTS; CHAPTER 1. INTRODUCTION; CHAPTER 2. STATISTICS OF PORT ENTERPRISES; 2.1. Introduction; 2.2. Sources and Data; 2.3. Foreign Traffic by Commodity; 2.4. Coastwise Traffic by Commodity; 2.5. Special Traffic; 2.6. Scheme and Non-scheme Port Traffic; 2.7. Container and Roll-on Traffic; 2.8. Contents of Containers.</subfield>
  </datafield>
  <datafield tag="505" ind1="8" ind2=" ">
    <subfield code="a">2.9. Driver Accompanied and Unaccompanied Road Goods Vehicles2.10. Restow Movements; CHAPTER 3. TRANSHIPMENT AND TRANSIT MOVEMENTS; CHAPTER 4. FISHERY TRAFFIC; CHAPTER 5. PASSENGER TRAFFIC; 5.1. Accompanied Vehicles; CHAPTER 6. STATISTICS OF CUSTOMS PORTS; 6.1. Foreign Trade; 6.2. Container and Roll-on Statistics; CHAPTER 7. MANPOWER; 7.1. National Ports Council; 7.2. Non-Scheme Ports; 7.3. The National Dock Labour Board; 7.4. Department of Employment; 7.5. Accident Statistics; CHAPTER 8. INLAND WATER TRANSPORT; CHAPTER 9. SHIPPING MOVEMENTS; 9.1. Pilotage; CHAPTER 10. PORT FACILITIES.</subfield>
  </datafield>
  <datafield tag="505" ind1="8" ind2=" ">
    <subfield code="a">CHAPTER 11. FINANCECHAPTER 12. CURRENT AND PROPOSED DEVELOPMENTS; QUICK REFERENCE LIST-TABLE OF CONTENTS; BIBLIOGRAPHY; APPENDICES; SUBJECT INDEX; PART 18: CIVIL AVIATION; REFERENCE DATE OF SOURCES REVIEWED; LIST OF ABBREVIATIONS; ACKNOWLEDGEMENTS; CHAPTER 1. THE BACKGROUND TO FIGURES ON CIVIL AVIATION; 1.1. Introduction; 1.2. Definitions and Outline; 1.3. The General Organization of Civil Aviation; CHAPTER 2. STATISTICAL RETURNS: BASIC DESCRIPTION; 2.1. Regular Government and CAA Sources; 2.2. Sources from Individual Airport Studies; 2.3. International Bodies; 2.4. Individual Airline Figures.</subfield>
  </datafield>
  <datafield tag="505" ind1="8" ind2=" ">
    <subfield code="a">2.5. The British Tourist Authority2.6. The Airline Users Committee; 2.7. Other Individual Studies; CHAPTER 3. COMMENTS ON AVAILABLE DATA; 3.1. General Aviation; 3.2. Air Transport; 3.3. Airports; 3.4. Personnel; 3.5. Financial Statistics; CHAPTER 4. COMMENTS AND SUGGESTIONS; 4.1. The Cataloguing and Description of Sources; 4.2. The Coverage of Sources; ADDENDUM ON RECENT DEVELOPMENTS; QUICK REFERENCE LIST-TABLE OF CONTENTS; SELECT BIBLIOGRAPHY; COVERAGE OF PUBLICATIONS; USEFUL LIBRARIES AND BODIES; LIST OF APPENDICES; SUBJECT INDEX.</subfield>
  </datafield>
  <datafield tag="506" ind1=" " ind2=" ">
    <subfield code="3">Use copy</subfield>
    <subfield code="f">Restrictions unspecified</subfield>
    <subfield code="2">star</subfield>
    <subfield code="5">MiAaHDL</subfield>
  </datafield>
  <datafield tag="520" ind1=" " ind2=" ">
    <subfield code="a">Ports and Inland Waterways is a review of sources of statistics on ports and inland waterways in the United Kingdom and covers subjects such as foreign traffic by commodity; coastwise traffic by commodity; special traffic; scheme and non-scheme port traffic; container and roll-on traffic; contents of containers; driver accompanied and unaccompanied road goods vehicles; and restow movements. Transhipment and transit movements are also included, along with fishery traffic, passenger traffic, and shipping movements. This volume is comprised of 12 chapters and begins with an overview of ports and.</subfield>
  </datafield>
  <datafield tag="533" ind1=" " ind2=" ">
    <subfield code="a">Electronic reproduction.</subfield>
    <subfield code="b">[Place of publication not identified] :</subfield>
    <subfield code="c">HathiTrust Digital Library,</subfield>
    <subfield code="d">2011.</subfield>
  </datafield>
  <datafield tag="546" ind1=" " ind2=" ">
    <subfield code="a">English.</subfield>
  </datafield>
  <datafield tag="583" ind1="1" ind2=" ">
    <subfield code="a">digitized</subfield>
    <subfield code="c">2011</subfield>
    <subfield code="h">HathiTrust Digital Library</subfield>
    <subfield code="l">committed to preserve</subfield>
    <subfield code="2">pda</subfield>
    <subfield code="5">MiAaHDL</subfield>
  </datafield>
  <datafield tag="650" ind1=" " ind2="0">
    <subfield code="a">Harbors</subfield>
    <subfield code="z">Great Britain</subfield>
    <subfield code="v">Statistics.</subfield>
  </datafield>
  <datafield tag="650" ind1=" " ind2="0">
    <subfield code="a">Inland water transportation</subfield>
    <subfield code="z">Great Britain</subfield>
    <subfield code="v">Statistics.</subfield>
  </datafield>
  <datafield tag="650" ind1=" " ind2="0">
    <subfield code="a">Aeronautics, Commercial</subfield>
    <subfield code="z">Great Britain</subfield>
    <subfield code="v">Statistics.</subfield>
  </datafield>
  <datafield tag="650" ind1=" " ind2="6">
    <subfield code="a">Ports</subfield>
    <subfield code="z">Grande-Bretagne</subfield>
    <subfield code="v">Statistiques.</subfield>
  </datafield>
  <datafield tag="650" ind1=" " ind2="6">
    <subfield code="a">Transports de navigation int&#xFFFD;erieure</subfield>
    <subfield code="z">Grande-Bretagne</subfield>
    <subfield code="v">Statistiques.</subfield>
  </datafield>
  <datafield tag="650" ind1=" " ind2="6">
    <subfield code="a">Transports a&#xFFFD;eriens</subfield>
    <subfield code="z">Grande-Bretagne</subfield>
    <subfield code="v">Statistiques.</subfield>
  </datafield>
  <datafield tag="650" ind1=" " ind2="7">
    <subfield code="a">SOCIAL SCIENCE</subfield>
    <subfield code="x">Statistics.</subfield>
    <subfield code="2">bisacsh</subfield>
  </datafield>
  <datafield tag="650" ind1=" " ind2="7">
    <subfield code="a">Aeronautics, Commercial.</subfield>
    <subfield code="2">fast</subfield>
  </datafield>
  <datafield tag="650" ind1=" " ind2="7">
    <subfield code="a">Harbors.</subfield>
    <subfield code="2">fast</subfield>
  </datafield>
  <datafield tag="650" ind1=" " ind2="7">
    <subfield code="a">Inland water transportation.</subfield>
    <subfield code="2">fast</subfield>
  </datafield>
  <datafield tag="651" ind1=" " ind2="7">
    <subfield code="a">Great Britain.</subfield>
    <subfield code="2">fast</subfield>
  </datafield>
  <datafield tag="655" ind1=" " ind2="2">
    <subfield code="a">Statistics</subfield>
  </datafield>
  <datafield tag="655" ind1=" " ind2="7">
    <subfield code="a">Statistics.</subfield>
    <subfield code="2">fast</subfield>
  </datafield>
  <datafield tag="655" ind1=" " ind2="7">
    <subfield code="a">Statistics.</subfield>
    <subfield code="2">lcgft</subfield>
  </datafield>
  <datafield tag="655" ind1=" " ind2="7">
    <subfield code="a">Statistiques.</subfield>
    <subfield code="2">rvmgf</subfield>
  </datafield>
  <datafield tag="700" ind1="1" ind2=" ">
    <subfield code="a">Phillips, Celia M.</subfield>
    <subfield code="t">Civil aviation.</subfield>
  </datafield>
  <datafield tag="776" ind1="0" ind2="8">
    <subfield code="i">Print version:</subfield>
    <subfield code="a">Baxter, R.E. (Ron Eric).</subfield>
    <subfield code="t">Ports and inland waterways.</subfield>
    <subfield code="d">Oxford ; New York : Published for the Royal Statistical Society and the Social Science Research Council [by] Pergamon Press, 1979</subfield>
    <subfield code="w">(DLC)   78040506</subfield>
    <subfield code="w">(OCoLC)4136375</subfield>
  </datafield>
  <datafield tag="830" ind1=" " ind2="0">
    <subfield code="a">Reviews of United Kingdom statistical sources ;</subfield>
    <subfield code="v">v. 10.</subfield>
  </datafield>
  <datafield tag="856" ind1="4" ind2="0">
    <subfield code="u">https://www.sciencedirect.com/science/book/9780080224602</subfield>
  </datafield>
  <datafield tag="942" ind1=" " ind2=" ">
    <subfield code="c">EBK</subfield>
  </datafield>
</record>
